00997nam a2200253 a 450000100100000000500170001000800410002702000150006804000250008308200170010810000360012524500830016126000320024430000280027649000500030450000380035450400270039260000570041970000410047683000570051791000370057495201150061199900170072600002219620200930011626.0100917s1984 sp a 000 |bspa d a8434581450 aDO-SdBNPbspacBNPHU a923.5bL419P1 aPerceval Graves, Richard94591810aLawrence de Arabia /cRichard Perceval Graves; prólogo, Manuel Diez Alegria. aBarcelona :bSalvat,c1984. a183 p. :bil. ;c20 cm.1 aBiblioteca Salvat de grandes biografías;v6 aIncluye notas al pie de páginas aBibliografía: p. 18414aLAWRENCE DE ARABIA, TMOMAS EDWARD,d1888-193594591912aDiez Alegria, Manuelepról.945920 0aBiblioteca Salvat de grandes biografías;n6945921 aValidado. Control de calidad MFF 001050718MOaGRbGRcHDd2010-09-17iLF1l0o923.5 L419Pp22196-10r2020-06-25w2020-06-25y1ZNo se presta c21694d21694